Largest City in Each New England State - Statistics

General Stats
  • This quiz has been taken 510 times
  • The average score is 5 of 6
Answer Stats
City Proper Population 2020
Metro Area in ( )
Hint Answer % Correct
675,647 (4,941,632) Massachusetts Boston
100%
190,934 (1,604,291) Rhode Island Providence
95%
68,408 (556,893) Maine Portland
85%
44,743 (214,796) Vermont Burlington
70%
115,644 (406,678) New Hampshire Manchester
69%
148,654 (939,904) Connecticut Bridgeport
59%
No matching quizzes found
Score Distribution
Percent of People with Each Score
Percentile by Number Answered
Your Score History
You have not taken this quiz